Future Foundations (Record no. 121953)
[ view plain ]
| 000 -LEADER | |
|---|---|
| fixed length control field | 01137nad a22002175a 4500 |
| 008 - FIXED-LENGTH DATA ELEMENTS--GENERAL INFORMATION | |
| fixed length control field | 240610s2024 xxk fo 000 0 eng d |
| 041 0# - LANGUAGE CODE | |
| Language code of text/sound track or separate title | eng |
| 110 2# - MAIN ENTRY--CORPORATE NAME | |
| Corporate name or jurisdiction name as entry element | Royal Institution of Chartered Surveyors |
| 9 (RLIN) | 4900 |
| 245 00 - TITLE STATEMENT | |
| Title | Future Foundations |
| Remainder of title | RICS strategy for a natural and built environment that is sustainable, resilient and inclusive for all |
| 246 ## - VARYING FORM OF TITLE | |
| Title proper/short title | Annual Report 2023 |
| 260 ## - PUBLICATION, DISTRIBUTION, ETC. | |
| Place of publication, distribution, etc. | London |
| Name of publisher, distributor, etc. | RICS |
| Date of publication, distribution, etc. | 2024 |
| 300 ## - PHYSICAL DESCRIPTION | |
| Extent | 62p. |
| 490 #0 - SERIES STATEMENT | |
| Series statement | RICS Annual Report |
| 520 ## - SUMMARY, ETC. | |
| Summary, etc. | The Annual review covers the 12-month period from 1 January to 31 December 2023. It reports on all RICS activities across the organisation, supported by key data points and insights, and highlights some of the successes of our membership. |
| 650 24 - SUBJECT ADDED ENTRY--TOPICAL TERM | |
| Topical term or geographic name entry element | RICS ANNUAL REVIEW AND FINANCIAL STATEMENTS |
| 651 #4 - SUBJECT ADDED ENTRY--GEOGRAPHIC NAME | |
| Geographic name | International |
| 690 ## - LOCAL SUBJECT ADDED ENTRY--TOPICAL TERM (OCLC, RLIN) | |
| Topical term or geographic name as entry element | Business and management |
| 856 ## - ELECTRONIC LOCATION AND ACCESS | |
| Uniform Resource Identifier | <a href="https://www.rics.org/content/dam/ricsglobal/documents/about-rics/RICS-STRATEGY-2023.pdf">https://www.rics.org/content/dam/ricsglobal/documents/about-rics/RICS-STRATEGY-2023.pdf</a> |
| Public note | 2023 strategy available on RICS.org |
| 856 ## - ELECTRONIC LOCATION AND ACCESS | |
| Uniform Resource Identifier | <a href="https://www.rics.org/content/dam/ricsglobal/documents/about-rics/RICS-Annual-Review-2023.pdf">https://www.rics.org/content/dam/ricsglobal/documents/about-rics/RICS-Annual-Review-2023.pdf</a> |
| Public note | Annual review 2023 |
| 942 ## - ADDED ENTRY ELEMENTS (KOHA) | |
| Suppress in OPAC | 0 |
| Source of classification or shelving scheme | Dewey Decimal Classification |
| Withdrawn status | Lost status | Damaged status | Not for loan | Home library | Current library | Shelving location | Date acquired | Total Checkouts | Date last seen | Price effective from | Koha item type |
|---|---|---|---|---|---|---|---|---|---|---|---|
| Virtual | Virtual | Online | 10/06/2024 | 10/06/2024 | 10/06/2024 | Online material |